Taylor Swift 117 - Statistics

General Stats
  • This quiz has been taken 5 times
  • The average score is 342 of 391
Answer Stats
Answer % Correct
a
100%
and
100%
at
100%
be
100%
been
100%
but
100%
do
100%
don't
100%
even
100%
for
100%
girl
100%
go
100%
got
100%
her
100%
home
100%
I
100%
if
100%
it
100%
know
100%
like
100%
me
100%
my
100%
no
100%
now
100%
say
100%
so
100%
that
100%
the
100%
this
100%
to
100%
what
100%
who
100%
with
100%
would
100%
yeah
100%
you
100%
your
100%
you've
100%
ah-ah
80%
alone
80%
call
80%
everybody
80%
feel
80%
fine
80%
hadn't
80%
have
80%
it's
80%
just
80%
knows
80%
look
80%
man
80%
many
80%
of
80%
off
80%
once
80%
phone
80%
proposition
80%
right
80%
see
80%
she
80%
stupid
80%
tell
80%
thing
80%
up
80%
was
80%
what's
80%
you're
80%
am
60%
coming
60%
crossing
60%
down
60%
kind
60%
kinda
60%
learned
60%
lines
60%
make
60%
makes
60%
might
60%
one's
60%
pick
60%
responsibility
60%
sad
60%
take
60%
turn
60%
upstanding
60%
about
40%
cab
40%
code
40%
consider
40%
exception
40%
getting
40%
honey
40%
lesson
40%
lose
40%
number
40%
previously
40%
wanna
40%
closer
20%
granted
20%
let's
20%
perfectly
20%
sure
20%
understand
20%
waits
20%
while
20%
chase
0%
newest
0%
oh-oh
0%
No matching quizzes found
Score Distribution
Percent of People with Each Score
Percentile by Number Answered
Your Score History
You have not taken this quiz